Préfectures et sous-préfectures commençant par la lettre T - Statistiques

Statistiques générales
  • Ce quiz a été pris 119 fois
  • Le résultat moyen est 8 sur 15
Statistiques - réponses
Réponses % Correct
Toul
96%
Toulouse
94%
Toulon
89%
Tours
81%
Tarbes
75%
Tulle
73%
Thionville
47%
Troyes
45%
Thiers
43%
La {Trinité}
41%
Thonon-les-Bains
37%
La {Tour-du-Pin}
31%
Tournon-sur-Rhône
28%
Thann
20%
Torcy
17%
Aucun quiz correspondant
Distribution des résultats
% des personnes avec chaque résultat
Percentile par nombre de réponses
Votre historique - résultats
Vous n’avez pas pris ce quiz